Trône - Booba - Statistiques

Statistiques générales
  • Ce quiz a été pris 101 fois
  • Le résultat moyen est 10 sur 15
Statistiques - réponses
Titres % Correct
11 - (ft. Damso) 113
87%
13 Petite fille
86%
4 Trône
80%
7 Ca va aller
79%
15 E.L.E.P.H.A.N.T - Bonus Track
76%
1 Centurion
72%
14 DKR - Bonus Track
71%
2 Friday
71%
5 - (ft. Gato) Bouyon
70%
3 Drapeau noir
68%
8 - (ft. Niska, Sidiki Diabaté) Nougat
67%
12 Ridin'
63%
6 Magnifique
46%
9 Terrain
45%
10 A la folie
39%
Aucun quiz correspondant
Distribution des résultats
% des personnes avec chaque résultat
Percentile par nombre de réponses
Votre historique - résultats
Vous n’avez pas pris ce quiz